00317nam a2200109Ia 4500008004100000082000800041100001800049245002200067942000600089952009700095999001500192240331s9999 xx 000 0 und d bJAM aJameel, S.H.M 0aKavi chintanaikal cL 001040708LaWERCLbWERCLcSSCd2024-03-31l0o 370.1 JAMp2334r2024-03-31w2024-03-31yL c3631d3631